Loading...
| Current Events | 1 | 20.00 | 100% | 100% | 0% |
| Fine Arts - Auditory Fine Arts | 5 | 20.00 | 100% | 60% | 40% |
| Fine Arts - Other Fine Arts | 10 | 11.00 | 90% | 10% | 10% |
| Fine Arts - Visual Fine Arts | 6 | 16.67 | 100% | 67% | 0% |
| Geography | 4 | 17.50 | 100% | 25% | 50% |
| History - American History | 5 | 20.00 | 100% | 60% | 40% |
| History - European History | 8 | 21.25 | 100% | 88% | 25% |
| History - Other History | 5 | 20.00 | 100% | 100% | 0% |
| History - World History | 7 | 25.71 | 100% | 100% | 57% |
| Literature - American Literature | 4 | 20.00 | 100% | 75% | 25% |
| Literature - British Literature | 7 | 17.14 | 100% | 57% | 14% |
| Literature - European Literature | 6 | 20.00 | 100% | 67% | 33% |
| Literature - World Literature | 7 | 18.57 | 100% | 86% | 0% |
| Mythology | 4 | 17.50 | 75% | 50% | 50% |
| Other Academic | 3 | 23.33 | 100% | 100% | 33% |
| Philosophy | 8 | 16.25 | 88% | 50% | 25% |
| Religion | 8 | 16.25 | 100% | 63% | 0% |
| Science - Biology | 7 | 11.43 | 86% | 29% | 0% |
| Science - Chemistry | 7 | 18.57 | 100% | 57% | 29% |
| Science - Other Science | 8 | 11.25 | 100% | 13% | 0% |
| Science - Physics | 7 | 25.71 | 100% | 100% | 57% |
| Social Science | 7 | 17.14 | 100% | 71% | 0% |